[Event "GRE-ch Online Blitz op 1st"]
[Site "Tornelo INT"]
[Date "2021.02.07"]
[Round "3"]
[White "Gkouskou Sagia, Ni Anastasia"]
[Black "Alexandri, Dimitra"]
[Result "0-1"]
[WhiteElo "1485"]
[BlackElo "1102"]
[PlyCount "64"]
[EventDate "2021.02.07"]
[EventType "swiss (blitz)"]
[EventRounds "16"]
[EventCountry "GRE"]
[SourceTitle "EXT 2023"]
[Source "ChessBase"]
[SourceDate "2022.10.05"]
[SourceVersion "1"]
[SourceVersionDate "2022.10.05"]
[SourceQuality "1"]

1. e4 e5 2. Nf3 Nc6 3. Bb5 a6 4. Ba4 Nf6 5. 0-0 b5 6. Bb3 Bc5 7. Re1 0-0 8. c3 d6 9. d4 Bb6 10. h3 h6 11. d5 Na5 12. Bc2 Bd7 13. Nbd2 Nb7 14. Nf1 Nc5 15. Ng3 Qc8 16. Be3 Qb7 17. Qd2 Qa7 18. Rad1 Na4 19. Bxa4 Bxe3 20. fxe3 bxa4 21. Rf1 Bb5 22. Rf2 Rab8 23. b3 axb3 24. axb3 Bd7 25. b4 Bb5 26. Rc1 Bc4 27. Qe1 Bd3 28. Nd2 Bb5 29. c4 Bd7 30. Nf3 Qb7 31. Rb1 a5 32. b5 Ra8 0-1

[Event "GRE-ch Online Blitz op 1st"]
[Site "Tornelo INT"]
[Date "2021.02.07"]
[Round "16"]
[White "Sampsonoglou, Dimitrios1111"]
[Black "Gkouskou Sagia, Ni Anastasia"]
[Result "0-1"]
[WhiteElo "1186"]
[BlackElo "1485"]
[PlyCount "86"]
[EventDate "2021.02.07"]
[EventType "swiss (blitz)"]
[EventRounds "16"]
[EventCountry "GRE"]
[SourceTitle "EXT 2023"]
[Source "ChessBase"]
[SourceDate "2022.10.05"]
[SourceVersion "1"]
[SourceVersionDate "2022.10.05"]
[SourceQuality "1"]

1. e4 d6 2. d4 Nf6 3. Nc3 g6 4. Nf3 Bg7 5. Be3 Ng4 6. Qd2 Nxe3 7. Qxe3 0-0 8. Be2 Nd7 9. 0-0 c5 10. dxc5 Nxc5 11. e5 b6 12. exd6 Qxd6 13. Nb5 Qf6 14. Rab1 Bb7 15. Bc4 a6 16. Nc7 Rac8 17. Nd5 Bxd5 18. Bxd5 e6 19. Bc4 b5 20. Bd3 Rfd8 21. Be2 Qe7 22. Ne5 Na4 23. Bd3 Qf6 24. Ng4 Qe7 25. Ne5 Qc7 26. f4 Bf8 27. Ng4 Bc5 28. Nf6+ Kg7 29. Qxc5 Qxc5+ 30. Kh1 Kxf6 31. f5 Kg7 32. b3 Nc3 33. Rbe1 exf5 34. Be2 Rc7 35. Bf3 Rdd7 36. Rg1 Re7 37. Ref1 Ne4 38. Bxe4 Rxe4 39. Rd1 Rce7 40. Rdf1 Qxc2 41. Rc1 Qxa2 42. Ra1 Qxb3 43. Rab1 Qe6 0-1

[Event "GRE-ch Online Blitz op 1st"]
[Site "Tornelo INT"]
[Date "2021.02.07"]
[Round "8"]
[White "Tsakonas, Konstantinos"]
[Black "Gkouskou Sagia, Ni Anastasia"]
[Result "1/2-1/2"]
[WhiteElo "1164"]
[BlackElo "1485"]
[PlyCount "119"]
[EventDate "2021.02.07"]
[EventType "swiss (blitz)"]
[EventRounds "16"]
[EventCountry "GRE"]
[SourceTitle "EXT 2023"]
[Source "ChessBase"]
[SourceDate "2022.10.05"]
[SourceVersion "1"]
[SourceVersionDate "2022.10.05"]
[SourceQuality "1"]

1. d4 Nf6 2. c4 g6 3. Nf3 Bg7 4. g3 d6 5. Bg2 0-0 6. 0-0 Nbd7 7. Nc3 c5 8. e4 cxd4 9. Nxd4 Rb8 10. Qc2 Nc5 11. b4 Ncd7 12. Bb2 Nb6 13. Qb3 Bd7 14. Nde2 Qc8 15. Nd5 Nfxd5 16. cxd5 Bxb2 17. Qxb2 Bh3 18. Rfc1 Qd7 19. Qb3 Bxg2 20. Kxg2 Rbc8 21. Rxc8 Rxc8 22. Rc1 Rxc1 23. Nxc1 Qc7 24. Ne2 Nd7 25. Qc3 Qxc3 26. Nxc3 a6 27. a4 Nb6 28. b5 axb5 29. axb5 e6 30. Kf3 Kg7 31. Ke3 Kf6 32. f4 exd5 33. exd5 Ke7 34. Kd4 f5 35. h3 Kd7 36. g4 Kc7 37. gxf5 gxf5 38. Ne2 Nd7 39. Ng3 Nf6 40. Nxf5 Nh5 41. Nh4 Nxf4 42. Nf3 Nxh3 43. Nh2 Ng5 44. Kc4 Kb6 45. Ng4 h5 46. Nh2 h4 47. Kb4 h3 48. Kc4 Kc7 49. Kd4 Kb6 50. Kc4 Kc7 51. Kb4 b6 52. Kc4 Kd7 53. Kd4 Ke7 54. Ke3 Kf6 55. Kf4 Kg6 56. Kg4 Kf6 57. Kf4 Kg6 58. Kg4 Kh6 59. Kh4 Kg6 60. Kg4 1/2-1/2

[Event "GRE-ch Online Rapid op 1st"]
[Site "Tornelo INT"]
[Date "2021.02.06"]
[Round "2"]
[White "Gkouskou Sagia, Ni Anastasia"]
[Black "Papageorgiou, Vasileios Riginos"]
[Result "1/2-1/2"]
[WhiteElo "1602"]
[BlackElo "1159"]
[PlyCount "148"]
[EventDate "2021.02.06"]
[EventType "swiss (rapid)"]
[EventRounds "8"]
[EventCountry "GRE"]
[SourceTitle "EXT 2023"]
[Source "ChessBase"]
[SourceDate "2022.10.05"]
[SourceVersion "1"]
[SourceVersionDate "2022.10.05"]
[SourceQuality "1"]

1. e4 e5 2. Nf3 Nf6 3. Nc3 Nc6 4. Bb5 Bc5 5. 0-0 0-0 6. d3 d6 7. h3 a6 8. Ba4 Bd7 9. a3 h6 10. b4 Ba7 11. Be3 Bxe3 12. fxe3 b5 13. Bb3 Qc8 14. Qe2 Be6 15. Nd5 Bxd5 16. exd5 Ne7 17. e4 Ng6 18. Nh2 Nf4 19. Qf3 c6 20. dxc6 Qxc6 21. Kh1 d5 22. exd5 N6xd5 23. g3 Nxh3 24. Qxd5 Qb6 25. Qg2 Ng5 26. Nf3 Nxf3 27. Qxf3 Qg6 28. Kg2 Qd6 29. Rae1 e4 30. Rxe4 Qg6 31. Rf4 Ra7 32. Rg4 Qh5 33. Rh4 Qg6 34. Qg4 Qc6+ 35. Kh2 Qd6 36. Qf4 Qg6 37. Rg4 Qh5+ 38. Kg2 Re7 39. Qf3 Qe5 40. Rf4 Qe2+ 41. Qxe2 Rxe2+ 42. Kh3 Re7 43. R1f2 g6 44. Rf6 Kg7 45. Rxa6 Re5 46. a4 bxa4 47. Rxa4 Rh5+ 48. Kg2 Rg5 49. Ra8 Rxa8 50. Rxf7+ Kh8 51. Rb7 Rf8 52. b5 Rgf5 53. Bc4 Rf2+ 54. Kh3 Rxc2 55. Rf7 Rxf7 56. Bxf7 Rc7 57. Bc4 Rb7 58. g4 Kg7 59. Kh4 Kf6 60. Kg3 g5 61. Kf3 Kg6 62. Ke4 h5 63. Kf3 hxg4+ 64. Kxg4 Kf6 65. Kg3 Rg7 66. Bd5 Ke5 67. Be4 Rg8 68. b6 Rb8 69. b7 Kf6 70. Kg4 Rg8 71. Bf5 Rb8 72. Be4 Rg8 73. Bf3 Ke5 74. Be4 Kf6 1/2-1/2